Problémy filozofie

Bibliographic Details
Main Author: Bodnár, Ján, 1924-2016 (Author)
Format: Article
Language:Slovak
Subjects:

MARC

LEADER 00000nab a2200000 a 4500
001 vtls011102813
003 SK-MaSNL
005 20260426051201.0
008 230222|1962 xo |||||||||||||||||slo|
015 |a SNBRB 
035 |a (uuid)46894b2b-56fe-4e7f-8adf-5dfc3c6de0cb 
035 |a (urnnbn)urn:nbn:sk:snk:ar-a082mr 
035 |a urn:nbn:sk:snk-ab99dv 
040 |a SNKBUCL  |b slo  |c SNKBUCL  |e AACR2 
041 0 |a slo 
044 |a xo  |c SK 
100 1 |a Bodnár, Ján,  |d 1924-2016  |4 aut  |9 170960 
245 1 0 |a Problémy filozofie  |c Ján Bodnár 
650 0 7 |a filozofia  |2 SNKPH  |9 793 
773 0 |t Svet vedy : populárnovedecký mesačník SAV a Čs. spoločnosti pre šírenie politických a vedeckých poznatkov  |g Roč. 9, č. 12 (1962), s. 734-737 
954 |a odborná, vedecká literatúra pôvodná (slovenská)  |2 lita 
958 |a OND 
958 |a EUIPO 
958 |a article13 
999 |c 2007708  |d 2009638